000 00591nam a22001817a 4500
999 _c12467
_d12467
008 190125b ||||| |||| 00| 0 eng d
020 _a971-542-291-8
082 _22001
_aDFil 899.211
_bP53
245 _aThe legends of kanlaon (Negros)/
_cDamiana Eugenio [Compiler and Editor]
260 _aQuezon City:
_bUP Press;
_cc2001.
300 _aPage 190-192;
_c22.5 cm.
500 _aPhilippine folk literature: The myths
650 _aMythology
_935143
650 _aLegends
_935144
650 _aPhilippine folk literature (English)
_935145
650 _aFolklore
_935146
942 _2ddc
_cDFIL